Riadenie pracovného kapitálu firmy

Pracovný kapitál - krátkodobý, resp. obežný majetok, ktorý je krytý krátkodobými záväzkami. V akej výške má byť pracovný kapitál. Čistý prevádzkový kapitál a kontrola jeho veľkosti.

Salvato in:
Dettagli Bibliografici
Autore principale: Škriniar, Pavel, 1979-
Natura: Capitolo di libro
Lingua:slovacco
Soggetti:
Tags: Aggiungi Tag
Nessun Tag, puoi essere il primo ad aggiungerne!!

MARC

LEADER 00000nla a2200000 4500
001 0193820
005 20240502073238.9
041 0 |a slo 
044 |a SK 
245 1 0 |a Riadenie pracovného kapitálu firmy  |c Pavel Škriniar 
520 |a Pracovný kapitál - krátkodobý, resp. obežný majetok, ktorý je krytý krátkodobými záväzkami. V akej výške má byť pracovný kapitál. Čistý prevádzkový kapitál a kontrola jeho veľkosti. 
610 2 0 |a firmy 
610 2 0 |a kapitál výrobný 
610 2 0 |a kapitál prevádzkový 
610 2 0 |a riadenie 
610 2 0 |a zadlženosť vnútorná 
610 2 0 |a rentabilita 
100 1 |a Škriniar, Pavel, 1979-